| 000 | 00878nam a2200217 4500 | ||
|---|---|---|---|
| 005 | 20230127112627.0 | ||
| 008 | 230127s2022 ck a|||gr|||| 00| 0 spa d | ||
| 020 | _a9789586091121 | ||
| 040 |
_aCO-BoUCM _bspa _cDeissy Garcia _dDeissy Garcia |
||
| 041 | 0 | _aspa | |
| 245 | 0 | 0 |
_aPapel del Estado en la reactivación económica _bdiagnósticos y propuestas _ceditor y compilador Jesús María Molina |
| 260 |
_aBogotá _bEscuela Superior de Administración Pública ESAP _c2022 |
||
| 300 | _a28,30 páginas | ||
| 490 | 0 | _aLa ESAP le propone al país. Perspectivas | |
| 504 | _aIncluye referencias bibliográficas | ||
| 650 |
_aDesarrollo económico _zColombia _928493 |
||
| 651 |
_aColombia _xPolítica económica _927576 |
||
| 700 |
_9132021 _aMolina Giraldo, Jesús María _eeditor |
||
| 942 |
_2DEWEY _cLIBRO _a7 _e1 _h338.986 _mP214 _n0 |
||
| 999 |
_c322039 _d322039 |
||